[Event "Krefeld op"]
[Site "Krefeld"]
[Date "2023.08.06"]
[Round "8"]
[White "Schmitz, Constantin"]
[Black "Sauer, Andreas"]
[Result "0-1"]
[WhiteElo "1508"]
[BlackElo "1340"]
[PlyCount "70"]
[EventDate "2023.08.02"]
[EventType "swiss"]
[EventRounds "9"]
[EventCountry "GER"]
[SourceTitle "CBM 215 Extra"]
[Source "ChessBase"]
[SourceDate "2023.09.30"]
[SourceVersion "1"]
[SourceVersionDate "2023.09.30"]
[SourceQuality "1"]

1. d4 d5 2. c4 c6 3. Nc3 dxc4 4. e3 b5 5. Nxb5 cxb5 6. Qf3 Qc7 7. Qxa8 Bb7 8. Qxa7 e5 9. Bxc4 bxc4 10. Qa4+ Qc6 11. Qxc6+ Nxc6 12. Nf3 Bb4+ 13. Bd2 Bxd2+ 14. Kxd2 e4 15. Ne1 Nf6 16. Nc2 Ke7 17. Na3 Na5 18. Rac1 Rc8 19. h3 Kd7 20. Rhf1 Ba6 21. Rg1 Nd5 22. Nc2 c3+ 23. bxc3 Rxc3 24. Rgd1 Nc4+ 25. Ke1 Nb2 26. Rd2 Nd3+ 27. Kd1 Nxc1 28. Kxc1 Rc6 29. Kb2 Rb6+ 30. Ka3 Bc4 31. f3 Ra6+ 32. Kb2 Rxa2+ 33. Kc1 f5 34. fxe4 fxe4 35. Kd1 Bb3 0-1

[Event "Krefeld op"]
[Site "Krefeld"]
[Date "2023.08.03"]
[Round "2"]
[White "Holzwarth, Felix"]
[Black "Sauer, Andreas"]
[Result "1-0"]
[WhiteElo "1583"]
[BlackElo "1340"]
[PlyCount "49"]
[EventDate "2023.08.02"]
[EventType "swiss"]
[EventRounds "9"]
[EventCountry "GER"]
[SourceTitle "CBM 215 Extra"]
[Source "ChessBase"]
[SourceDate "2023.09.30"]
[SourceVersion "1"]
[SourceVersionDate "2023.09.30"]
[SourceQuality "1"]

1. d4 d5 2. Nc3 Nf6 3. Bf4 e6 4. Nb5 Na6 5. e3 c6 6. Nc3 Be7 7. Nf3 0-0 8. h4 c5 9. h5 Qa5 10. h6 g6 11. Bxa6 bxa6 12. 0-0 Bb7 13. Be5 Nd7 14. Bg7 Rfe8 15. Qd2 f6 16. Nxd5 Qd8 17. Nf4 Bf8 18. Bxf8 Kxf8 19. Rad1 Bxf3 20. gxf3 f5 21. dxc5 Qg5+ 22. Ng2 Nxc5 23. Qc3 Qe7 24. Qh8+ Kf7 25. Qg7# 1-0

[Event "Duisburg SBDU-ch"]
[Site "Duisburg Wohndorf Laar"]
[Date "2009.09.22"]
[Round "2"]
[White "Horn, Stefan"]
[Black "Sauer, Andreas"]
[Result "1-0"]
[WhiteElo "1959"]
[BlackElo "1886"]
[PlyCount "65"]
[EventDate "2009.09.11"]
[EventType "swiss"]
[EventRounds "7"]
[EventCountry "GER"]
[SourceTitle "EXT 2018"]
[Source "ChessBase"]
[SourceDate "2017.10.13"]
[SourceVersion "1"]
[SourceVersionDate "2017.10.13"]
[SourceQuality "1"]

1. e4 b6 2. d4 Bb7 3. Nc3 e6 4. Nf3 Bb4 5. Bd3 Nf6 6. Qe2 d5 7. e5 Ne4 8. Bd2 Nxc3 9. bxc3 Be7 10. h4 c5 11. Ng5 h6 12. Qh5 Bxg5 13. hxg5 Ba6 14. gxh6 gxh6 15. Bg5 Qc7 16. Bf6 Rg8 17. Qxh6 Bxd3 18. cxd3 Nd7 19. dxc5 Nxf6 20. Qxf6 Qxc5 21. Rc1 Rc8 22. Qf4 Qa3 23. 0-0 Qe7 24. c4 dxc4 25. Rxc4 Rxc4 26. Qxc4 Qb7 27. f3 b5 28. Qc5 a6 29. Rc1 Rg5 30. Qd6 Qa7+ 31. d4 Qa8 32. Rc7 Qd8 33. Qc6+ 1-0

[Event "Duisburg SBDU-ch"]
[Site "Duisburg Wohndorf Laar"]
[Date "2008.11.07"]
[Round "5"]
[White "Sauer, Andreas"]
[Black "Leers Fischer, Hans"]
[Result "1-0"]
[WhiteElo "1905"]
[BlackElo "1994"]
[PlyCount "81"]
[EventDate "2008.09.05"]
[EventType "swiss"]
[EventRounds "7"]
[EventCountry "GER"]
[SourceTitle "EXT 2018"]
[Source "ChessBase"]
[SourceDate "2017.10.13"]
[SourceVersion "1"]
[SourceVersionDate "2017.10.13"]
[SourceQuality "1"]

1. d4 Nf6 2. c4 g6 3. Nc3 Bg7 4. e4 d6 5. f4 0-0 6. Nf3 Na6 7. Bd3 e5 8. fxe5 dxe5 9. d5 c6 10. 0-0 Bg4 11. h3 Bxf3 12. Qxf3 Nc5 13. Bc2 a5 14. Be3 Qe7 15. d6 Qxd6 16. Rad1 Qe7 17. Bg5 Ncd7 18. Rxd7 Qxd7 19. Bxf6 Qd6 20. Bg5 f6 21. Be3 Qb4 22. Na4 Rfd8 23. a3 Qe7 24. Nb6 Rab8 25. c5 Rf8 26. Nc4 Ra8 27. Bb3 Kh8 28. Nd6 Rad8 29. Qg4 b5 30. Rd1 a4 31. Nf7+ Rxf7 32. Rxd8+ Qxd8 33. Bxf7 Bf8 34. Qe6 Qd3 35. Bh6 Bxc5+ 36. Kh2 Qd8 37. Be8 Qe7 38. Qc8 Bb6 39. Bxc6+ Bd8 40. Bd2 Kg7 41. Bb4 1-0

[Event "Duisburg SBDU-ch"]
[Site "Duisburg Wohndorf Laar"]
[Date "2008.10.22"]
[Round "4"]
[White "Zielinski, Werner"]
[Black "Sauer, Andreas"]
[Result "1/2-1/2"]
[WhiteElo "1963"]
[BlackElo "1905"]
[PlyCount "35"]
[EventDate "2008.09.05"]
[EventType "swiss"]
[EventRounds "7"]
[EventCountry "GER"]
[SourceTitle "EXT 2018"]
[Source "ChessBase"]
[SourceDate "2017.10.13"]
[SourceVersion "1"]
[SourceVersionDate "2017.10.13"]
[SourceQuality "1"]

1. d4 d5 2. c4 c6 3. Nf3 Nf6 4. e3 Bf5 5. Nc3 e6 6. Bd3 Bxd3 7. Qxd3 Nbd7 8. 0-0 Bb4 9. a3 Bxc3 10. bxc3 0-0 11. Nd2 e5 12. e4 Qc7 13. f3 Rad8 14. Rb1 Rfe8 15. Bb2 h6 16. Kh1 Nb6 17. c5 Na4 18. Qc2 1/2-1/2

[Event "Ulm/Neu Ulm-ch"]
[Site "Ulm/Neu Ulm"]
[Date "2005.??.??"]
[Round "?"]
[White "Simon, Nikolai"]
[Black "Sauer, Andreas"]
[Result "0-1"]
[WhiteElo "1600"]
[BlackElo "1920"]
[PlyCount "70"]
[EventDate "2005.11.26"]
[EventType "swiss"]
[EventRounds "7"]
[EventCountry "GER"]
[SourceTitle "EXT 2011"]
[Source "ChessBase"]
[SourceDate "2010.11.26"]
[SourceVersion "1"]
[SourceVersionDate "2010.11.26"]
[SourceQuality "1"]

1. d4 d5 2. c4 c6 3. e3 Bf5 4. Bd3 Bxd3 5. Qxd3 e6 6. c5 b6 7. Qc2 bxc5 8. dxc5 Qa5+ 9. Bd2 Qxc5 10. Na3 Qxc2 11. Nxc2 c5 12. Nf3 Nc6 13. a3 Nf6 14. Bc3 Ne4 15. Ne5 Rc8 16. Nxc6 Rxc6 17. Ba5 Be7 18. f3 Nd6 19. 0-0 0-0 20. Rfc1 Nc4 21. Bc3 Rb6 22. b4 Rfb8 23. Rab1 a5 24. e4 d4 25. Be1 d3 26. Nd4 cxd4 27. Bf2 Ne3 28. Rb2 axb4 29. axb4 Bxb4 30. Be1 Nc2 31. Rd1 Nxe1 32. Kf1 d2 33. Ke2 d3+ 34. Kf1 Nc2 35. Ra2 Ne3+ 0-1